[Event "Titled Tue 27th May Early"]
[Site "chess.com INT"]
[Date "2025.05.27"]
[Round "1"]
[White "Duarte Cramer, Lily Jeanette"]
[Black "Devagharan, Devina"]
[Result "0-1"]
[WhiteTitle "WCM"]
[BlackTitle "WFM"]
[WhiteElo "1828"]
[BlackElo "1860"]
[WhiteFideId "29620180"]
[BlackFideId "2061600"]
[EventDate "2025.05.27"]

1. d4 d5 2. c4 e6 3. Nc3 Be7 4. cxd5 exd5 5. Bf4 c6 6. e3 Nf6 7. Bd3 O-O 8. Nge2
Re8 9. O-O Nbd7 10. Qc2 Nf8 11. Rac1 Ng6 12. Bg3 Bd6 13. Bxd6 Qxd6 14. Ng3 Bd7
15. Bf5 Rad8 16. Bxd7 Qxd7 17. Nce2 h5 18. Rfd1 h4 19. Nf1 Qg4 20. h3 Qg5 21.
Nh2 Ne4 22. Nf3 Qh6 23. Nc3 Nd6 24. Ne2 Re7 25. Qd3 Rde8 26. Rc3 Ne4 27. Ra3 a6
28. Nc3 Nxf2 29. Kxf2 Rxe3 30. Qd2 Qf4 31. Ne2 Rxe2+ 32. Qxe2 Qg3+ 33. Kf1 Rxe2
34. Kxe2 Qxg2+ 35. Ke1 Nf4 36. Re3 Nxh3 37. Rd2 Qh1+ 38. Ke2 Nf4+ 39. Kf2 Qg2+
40. Ke1 Qh1+ 41. Kf2 h3 42. Kg3 Ng6 43. Ng5 Nf8 44. Re8 g6 45. Rde2 Qg1+ 46. Kh4
h2 47. R8e7 h1=Q+ 48. Nh3 g5+ 49. Kh5 Qxh3# 0-1

[Event "Titled Tue 27th May Early"]
[Site "chess.com INT"]
[Date "2025.05.27"]
[Round "1"]
[White "Da Silva, Lucas Pereira Mendes"]
[Black "Nurgaliyev, Sauat"]
[Result "1-0"]
[BlackTitle "IM"]
[WhiteElo "2122"]
[BlackElo "2407"]
[WhiteFideId "22718613"]
[BlackFideId "13726285"]
[EventDate "2025.05.27"]

1. e4 c5 2. Nf3 d6 3. d4 cxd4 4. Nxd4 Nf6 5. Nc3 a6 6. Be2 e5 7. Nb3 Be7 8. O-O
O-O 9. Kh1 Re8 10. f4 b5 11. a4 b4 12. Nd5 Bb7 13. Be3 Nbd7 14. Bf3 Nxd5 15.
exd5 Bf6 16. Qd3 exf4 17. Bxf4 Bxb2 18. Rab1 Ne5 19. Qd1 Bc3 20. Be4 Ng6 21. Qd3
a5 22. Bg3 Ba6 23. Qf3 Bxf1 24. Rxf1 Qf6 25. Bf5 Be5 26. Bf2 Qg5 27. g3 Ne7 28.
Bd3 Qf6 29. Qh5 g6 30. Qh6 Qg7 31. Qh3 Nxd5 32. Bc4 Nf6 33. Be3 Rac8 34. Bh6 Qh8
35. Nxa5 d5 36. Bb5 Ne4 37. Qd7 Nd6 38. Nb7 Rf8 39. Nxd6 Bxd6 40. Qxd6 Qd4 41.
Bd3 Rfd8 42. Qe7 Rf8 43. Be3 Qc3 44. Bg5 b3 45. Bf6 Qd2 46. Bg5 Qc3 47. Bf6 Qb4
48. Qxb4 bxc2 49. Bxc2 Rxc2 50. Qf4 Rfc8 51. Qh6 1-0

[Event "Titled Tue 27th May Early"]
[Site "chess.com INT"]
[Date "2025.05.27"]
[Round "1"]
[White "Felix, Raphael"]
[Black "Shahinyan, Vladimir"]
[Result "1-0"]
[WhiteTitle "CM"]
[BlackTitle "CM"]
[WhiteElo "2201"]
[BlackElo "2202"]
[WhiteFideId "14339544"]
[BlackFideId "13314599"]
[EventDate "2025.05.27"]

1. Nf3 d5 2. b3 Nf6 3. Bb2 g6 4. e3 Bg7 5. Be2 O-O 6. O-O c5 7. d4 cxd4 8. Bxd4
Nc6 9. Bb2 Bf5 10. Nbd2 Rc8 11. Rc1 Nb4 12. Nd4 Nxa2 13. Ra1 Nc3 14. Bxc3 Rxc3
15. Nxf5 gxf5 16. Rxa7 Qb8 17. Ra4 Rfc8 18. Bd3 Ng4 19. Rxg4 fxg4 20. Qxg4 e6
21. Nf3 f5 22. Qh5 Qc7 23. Ng5 Qe7 24. Qxh7+ Kf8 25. Qg6 R3c6 26. f4 Qe8 27.
Nh7+ Ke7 28. Qxg7+ Kd8 29. Nf6 Qe7 30. Qg5 Ra8 31. Qg8+ Kc7 32. Qxa8 Qxf6 33.
Qa5+ Kc8 34. Qa1 Rc3 35. Qa8+ Kc7 36. Qe8 d4 37. exd4 Qxd4+ 38. Kh1 Rc6 39. Qe7+
Kb6 40. Qa3 Kc7 41. Qa5+ Kc8 42. Qe5 Qb6 43. Bc4 Rd6 44. Qc3 Kd7 45. Bd3 Qe3 46.
Bb5+ 1-0

[Event "Titled Tue 27th May Early"]
[Site "chess.com INT"]
[Date "2025.05.27"]
[Round "1"]
[White "Cardozo Munar, Carlos Eduardo"]
[Black "Kim, Sergey"]
[Result "1-0"]
[WhiteTitle "FM"]
[BlackTitle "FM"]
[WhiteElo "2052"]
[BlackElo "2295"]
[WhiteFideId "4409477"]
[BlackFideId "13700570"]
[EventDate "2025.05.27"]

1. d4 Nf6 2. Bg5 g6 3. Bxf6 exf6 4. g3 h5 5. Bg2 h4 6. c4 d6 7. Nc3 c6 8. e3 f5
9. Nge2 Bh6 10. b4 a6 11. a4 O-O 12. O-O Nd7 13. b5 axb5 14. axb5 c5 15. Nd5
Rxa1 16. Qxa1 Bg7 17. Rd1 Nb6 18. Nxb6 Qxb6 19. dxc5 dxc5 20. Qb1 Qa5 21. Nf4
Qa4 22. Qd3 Bf6 23. Nd5 Bg7 24. Ne7+ Kh7 25. Nxc8 Rxc8 26. Bxb7 Rb8 27. Bd5 Qa7
28. e4 fxe4 29. Qxe4 Bf6 30. Qf4 Kg7 31. g4 Re8 32. h3 Qe7 33. b6 Be5 34. Qf3
Rb8 35. b7 Qf6 36. Qxf6+ Kxf6 37. Kg2 Ke7 38. Re1 Kf6 39. Kf3 Bd4 40. Re4 g5 41.
Ke2 Be5 42. Kd3 Bd6 43. Kc2 Be5 44. Kb3 Bd4 45. f4 gxf4 46. Rxf4+ Kg5 47. Rxf7
Kg6 48. Ka4 Re8 49. Kb5 Be5 50. Kxc5 Rd8 51. Rf5 Bg3 52. Kb6 Rd6+ 53. Ka7 Rd8
54. c5 Bb8+ 55. Kb6 Kg7 56. c6 Rd6 57. Kb5 Rd8 58. c7 Bxc7 59. Rf7+ Kg6 60. Rxc7
Rxd5+ 61. Kc6 Rd1 62. b8=Q 1-0

[Event "Titled Tue 27th May Early"]
[Site "chess.com INT"]
[Date "2025.05.27"]
[Round "1"]
[White "Sklokin, Sergey"]
[Black "Fernandez, Michael"]
[Result "1-0"]
[WhiteTitle "FM"]
[BlackTitle "FM"]
[WhiteElo "2311"]
[BlackElo "2226"]
[WhiteFideId "55730230"]
[BlackFideId "5803560"]
[EventDate "2025.05.27"]

1. d4 d5 2. Nf3 Nf6 3. c4 c6 4. g3 Bf5 5. Bg2 e6 6. O-O Be7 7. b3 O-O 8. Bb2 h6
9. Nc3 Ne4 10. Rc1 Nd7 11. e3 Nxc3 12. Rxc3 Rc8 13. Rc1 Bd6 14. Qe2 Qe7 15. Rfd1
Ba3 16. c5 Bxb2 17. Qxb2 Be4 18. b4 a6 19. a4 Bxf3 20. Bxf3 b5 21. cxb6 Nxb6 22.
Qb3 e5 23. dxe5 Qxe5 24. Be2 Rc7 25. Bxa6 Nd7 26. Bf1 Rb8 27. b5 cxb5 28. axb5
Rxc1 29. Rxc1 d4 30. exd4 Qxd4 31. Rd1 Qa7 32. Qd5 Nf6 33. Qf3 Qc7 34. h4 h5 35.
Qc6 Qxc6 36. bxc6 Rc8 37. Rc1 Nd5 38. Bg2 Nc7 39. Rb1 Kf8 40. Rb7 g6 41. f4 Ke7
42. Bh3 f5 43. Bg2 Kd6 44. Rb1 Re8 45. Rd1+ Kc5 46. Rd7 Kb6 47. Rg7 Re6 48. Bf3
Rd6 49. Kf2 Re6 50. Rg8 Kc5 51. Rd8 Kb6 52. Rd7 Rf6 53. Ke3 Re6+ 54. Kd4 Re1 55.
Kd3 Rf1 56. Ke2 Rc1 57. Rd6 Rc2+ 58. Kd3 Rf2 59. Ke3 Ra2 60. Rxg6 Ra3+ 61. Kf2
Kc5 62. Bxh5 Nd5 63. Bf3 Ra2+ 64. Kg1 Rc2 65. Bxd5 Kxd5 66. Kf1 Ke4 67. Ke1 Ke3
68. Kd1 Rd2+ 69. Kc1 Rd5 70. h5 Rc5+ 71. Kb2 Kd4 72. h6 1-0

[Event "Titled Tue 27th May Early"]
[Site "chess.com INT"]
[Date "2025.05.27"]
[Round "1"]
[White "Tang, Andrew"]
[Black "Bahmani, Koorosh"]
[Result "1-0"]
[WhiteTitle "GM"]
[BlackTitle "CM"]
[WhiteElo "2529"]
[BlackElo "2208"]
[WhiteFideId "2059630"]
[BlackFideId "42576750"]
[EventDate "2025.05.27"]

1. d4 d5 2. Bf4 Nf6 3. e3 c5 4. Nc3 g6 5. Nb5 Na6 6. c3 Bg7 7. Nf3 O-O 8. a4 Ne4
9. Bd3 Bf5 10. h3 Re8 11. O-O f6 12. Bh2 e5 13. Re1 Qd7 14. dxe5 fxe5 15. Bxe4
Bxe4 16. Ng5 Bf5 17. e4 dxe4 18. Qxd7 Bxd7 19. Nxe4 Bc6 20. Bg3 b6 21. Rad1 Bxb5
22. axb5 Nc7 23. c4 Ne6 24. Rd7 Nd4 25. Bh4 Rf8 26. f3 h6 27. Be7 Rfe8 28. Nf6+
Bxf6 29. Bxf6 Re6 30. Bxe5 Rae8 31. f4 g5 32. Rf1 Ne2+ 33. Kh2 gxf4 34. Bd6 Rf6
35. Rf2 Ng3 36. Rxf4 Rxf4 37. Bxf4 Ne2 38. Bxh6 Nd4 39. Rxa7 Re2 40. Rg7+ Kh8
41. Rb7 Kg8 42. Rxb6 Rxb2 43. Rd6 Kf7 44. Be3 Nf5 45. Rd3 Ke6 46. Bxc5 Rc2 47.
b6 Rb2 48. Rf3 Nh4 49. Rf2 Rb3 50. Bd4 Nf5 51. Bc5 Nh4 52. Re2+ Kd7 53. Bd4 Nf5
54. Bf2 Kc6 55. g4 Nd6 56. c5 Nb5 57. g5 Nc3 58. Re3 Rb2 59. Rxc3 Rxf2+ 60. Kg3
Rf5 61. h4 Rf1 62. Kg4 Rg1+ 63. Rg3 Rc1 64. g6 1-0

[Event "Titled Tue 27th May Early"]
[Site "chess.com INT"]
[Date "2025.05.27"]
[Round "1"]
[White "Luukkonen, Tommi"]
[Black "Weetik, Vjacheslav"]
[Result "0-1"]
[WhiteTitle "FM"]
[BlackTitle "FM"]
[WhiteElo "2250"]
[BlackElo "2423"]
[WhiteFideId "501808"]
[BlackFideId "4153472"]
[EventDate "2025.05.27"]

1. e3 d5 2. c4 c6 3. Nc3 Nf6 4. Nf3 e6 5. d4 Nbd7 6. Qc2 Bd6 7. Be2 O-O 8. b3 e5
9. cxd5 cxd5 10. O-O e4 11. Nd2 a6 12. a4 Re8 13. Ba3 Bb8 14. Rac1 h5 15. f3
exf3 16. Bxf3 Nf8 17. Qd3 Ng6 18. g3 h4 19. gxh4 Nxh4 20. Kh1 Bg4 21. Rf2 Nxf3
22. Nxf3 Ne4 23. Rcf1 Qc7 24. Ne5 Rxe5 25. dxe5 Qxc3 26. Qxc3 Nxc3 27. Rxf7 Bxe5
28. Rxb7 Ne4 29. Kg2 Rc8 30. Rc1 Re8 31. h3 Bh5 32. Rc6 Ng5 33. Rd7 Bf3+ 34. Kf2
Be4 35. Ke1 Nf3+ 36. Kd1 d4 37. exd4 Bxc6 38. Ra7 Nxd4 39. Rxa6 Bf3+ 40. Kd2
Nxb3+ 41. Kd3 Nd4 42. Ke3 Bf6+ 43. Kf4 Bd5 0-1

[Event "Titled Tue 27th May Early"]
[Site "chess.com INT"]
[Date "2025.05.27"]
[Round "1"]
[White "Hobson, Kenneth"]
[Black "Nikologorskiy, Konstantin"]
[Result "0-1"]
[WhiteTitle "FM"]
[BlackTitle "IM"]
[WhiteElo "2355"]
[BlackElo "2413"]
[WhiteFideId "480819"]
[BlackFideId "24111708"]
[EventDate "2025.05.27"]

1. e4 c5 2. Nf3 d6 3. Bb5+ Bd7 4. Bxd7+ Qxd7 5. O-O Nc6 6. c3 Nf6 7. Qe2 e6 8.
d4 cxd4 9. cxd4 d5 10. e5 Ne4 11. Be3 Be7 12. Ne1 f5 13. f3 Ng5 14. Nd3 O-O 15.
Nd2 b6 16. h4 Nf7 17. h5 Rac8 18. f4 Nh6 19. Nf3 Ng4 20. Nf2 Nxe3 21. Qxe3 Nb4
22. Qb3 a5 23. a3 a4 24. Qd1 Nc2 25. Qe2 Nxa1 26. Rxa1 Rc4 27. Nd1 Rfc8 28. Ne3
Rc1+ 29. Rxc1 Rxc1+ 30. Kh2 b5 31. g4 fxg4 32. Nxg4 Qc6 33. Ne3 Qe8 34. Ne1 g6
35. Nd3 Rc8 36. Qg4 Qf7 37. Qg3 Kh8 38. h6 Bf8 39. Ng4 Rc2+ 40. Kh3 Qf5 41. Ne1
Rxb2 42. Nf3 Rb3 43. Kg2 Qc2+ 44. Nf2 Rb2 45. Qh4 Qxf2+ 46. Qxf2 Rxf2+ 47. Kxf2
Bxa3 48. Ng5 Be7 49. Nxe6 a3 50. f5 gxf5 51. Nf4 a2 52. Nxd5 Bh4+ 53. Kf3 a1=Q
54. Kf4 Qb1 0-1

[Event "Titled Tue 27th May Early"]
[Site "chess.com INT"]
[Date "2025.05.27"]
[Round "1"]
[White "Beniosev, Daniel"]
[Black "Neagu, Roberto Florin"]
[Result "1-0"]
[WhiteTitle "CM"]
[BlackTitle "FM"]
[WhiteElo "2010"]
[BlackElo "2190"]
[WhiteFideId "11632674"]
[BlackFideId "54588898"]
[EventDate "2025.05.27"]

1. e4 c5 2. Nc3 Nc6 3. g3 g6 4. Bg2 Bg7 5. d3 d6 6. Be3 e6 7. Qd2 Nge7 8. Bh6
Bxh6 9. Qxh6 Nd4 10. O-O-O Bd7 11. Nge2 Nxe2+ 12. Nxe2 Qa5 13. Kb1 O-O-O 14. h4
Nc6 15. Qd2 Qa6 16. d4 cxd4 17. Nxd4 Ne5 18. f4 Nc4 19. Qc3 Kb8 20. Bf1 Rc8 21.
Qb3 d5 22. exd5 exd5 23. Bxc4 dxc4 24. Qc3 Bg4 25. Rde1 Rhe8 26. a3 h5 27. Qb4
c3 28. Nb5 Rxe1+ 29. Rxe1 cxb2 30. Kxb2 Qf6+ 31. c3 Rd8 32. Nd4 Qa6 33. Re7 Rc8
34. Rxf7 Ka8 35. Nb5 Qb6 36. Nc7+ Kb8 37. Qxb6 axb6 38. Nb5 Bf5 39. Nd6 Rg8 40.
Rxb7+ Ka8 41. Re7 Bg4 42. Kb3 Rd8 43. Nc4 Bd1+ 44. Kb4 Rd5 45. Nxb6+ Kb8 46.
Nxd5 Bf3 47. c4 Bg4 48. Kc5 Kc8 49. Kc6 Kb8 50. Rb7+ Kc8 51. Nb6+ Kd8 52. Rd7+
Ke8 53. Rd6 Bf3+ 54. Kc7 Bg4 55. c5 Ke7 56. c6 1-0

[Event "Titled Tue 27th May Early"]
[Site "chess.com INT"]
[Date "2025.05.27"]
[Round "1"]
[White "Lissillour, Baptiste"]
[Black "Jake Shanty"]
[Result "1-0"]
[WhiteTitle "FM"]
[BlackTitle "FM"]
[WhiteElo "2318"]
[BlackElo "2252"]
[WhiteFideId "45179620"]
[BlackFideId "33478066"]
[EventDate "2025.05.27"]

1. e4 c5 2. Nf3 d6 3. d4 cxd4 4. Nxd4 Nf6 5. Nc3 a6 6. a4 e5 7. Nf3 Be7 8. Bc4
O-O 9. O-O Be6 10. Qe2 Nc6 11. Bg5 Rc8 12. Bxf6 Bxf6 13. Nd5 Ne7 14. Rfd1 Nxd5
15. Bxd5 Qc7 16. c3 Rfd8 17. a5 Be7 18. Qd3 Rb8 19. Nd2 Rdc8 20. Ra4 Qd7 21. b3
Bxd5 22. exd5 f5 23. f3 Bf6 24. Nc4 Qb5 25. Rb4 Qc5+ 26. Kh1 g6 27. g3 Rd8 28.
Kg2 Kg7 29. Ra1 Re8 30. Nb6 e4 31. fxe4 fxe4 32. Rxe4 Rxe4 33. Qxe4 Qxc3 34. Rf1
Rd8 35. Qe6 Qc2+ 36. Rf2 Qc3 37. Nd7 Bd4 38. Qe7+ Kh6 39. Qh4+ Kg7 40. Qe7+ Kh6
41. Qxd8 Bxf2 42. Qh4+ Kg7 43. Qe7+ Kh6 44. Qf8+ Kh5 45. Nf6+ Kg5 46. Ne4+ Kh5
47. Nxc3 Bd4 48. Qf3+ Kh6 49. Ne4 Kg7 50. Qf4 1-0

[Event "Titled Tue 27th May Early"]
[Site "chess.com INT"]
[Date "2025.05.27"]
[Round "1"]
[White "Yevchenko, Oleksandr"]
[Black "Shuvalova, Polina"]
[Result "0-1"]
[WhiteTitle "CM"]
[BlackTitle "IM"]
[WhiteElo "2276"]
[BlackElo "2494"]
[WhiteFideId "14108267"]
[BlackFideId "24171760"]
[EventDate "2025.05.27"]

1. c4 c5 2. Nf3 Nc6 3. e3 g6 4. d4 cxd4 5. exd4 d5 6. Nc3 Nf6 7. cxd5 Nxd5 8.
Bc4 Nxc3 9. bxc3 Bg7 10. O-O O-O 11. a4 Na5 12. Bd3 Be6 13. Rb1 Rc8 14. Bd2 b6
15. Ba6 Rc7 16. Re1 Bc4 17. Bxc4 Nxc4 18. Bf4 Rc8 19. Qe2 e6 20. h3 Qd7 21. Rb4
Na5 22. Ne5 Qd5 23. Rb5 Qb7 24. c4 Rfd8 25. Rd1 Nc6 26. d5 Nxe5 27. Bxe5 Bxe5
28. Qxe5 Rxc4 29. d6 Rxa4 30. Rb3 Rd7 31. Rc3 Ra5 32. Qf6 Rc5 33. Rf3 Rd5 34.
Rfd3 R7xd6 35. Rxd5 Rxd5 36. Rc1 Qd7 37. Kh2 Rf5 38. Qc3 e5 39. f3 h5 40. Qc2
Qd4 41. Rd1 Qf4+ 42. Kh1 Kg7 43. Rd7 Rg5 44. Rd8 Qg3 45. Qe2 h4 46. Re8 b5 47.
Ra8 e4 48. Rxa7 exf3 49. Qxf3 Qxf3 50. gxf3 Rg3 51. Rb7 Rxf3 52. Rxb5 Rxh3+ 53.
Kg2 Rg3+ 54. Kf2 Ra3 55. Rb4 g5 56. Rb5 f6 57. Kg2 Kg6 58. Rb8 g4 59. Rg8+ Kf5
60. Rh8 Ra2+ 61. Kg1 h3 62. Ra8 Kg5 63. Rb8 f5 64. Rb5 g3 0-1

[Event "Titled Tue 27th May Early"]
[Site "chess.com INT"]
[Date "2025.05.27"]
[Round "1"]
[White "Koridze, Lile"]
[Black "Ahmad, Khagan"]
[Result "0-1"]
[WhiteTitle "WFM"]
[BlackTitle "IM"]
[WhiteElo "2110"]
[BlackElo "2405"]
[WhiteFideId "13612514"]
[BlackFideId "13431552"]
[EventDate "2025.05.27"]

1. d4 Nf6 2. c4 g6 3. Nc3 c5 4. d5 Bg7 5. e4 d6 6. Nf3 O-O 7. h3 e6 8. dxe6 Bxe6
9. Be2 Nc6 10. O-O Re8 11. Bf4 Qb6 12. Qc2 Nd4 13. Nxd4 cxd4 14. Nb5 Rad8 15.
Bd3 Nh5 16. Bxd6 Qc6 17. c5 a6 18. Nc7 Rf8 19. Nxe6 fxe6 20. Bxf8 Rxf8 21. Bc4
Nf4 22. Rae1 Qxc5 23. Qb3 Qg5 24. Qg3 Qe5 25. Kh1 b5 26. Bd3 h5 27. Bb1 g5 28.
Qb3 g4 29. h4 Qf6 30. g3 Ng6 31. Qd3 Ne5 32. Qxd4 Qf3+ 33. Kg1 Qf7 34. Qe3 Nf3+
35. Kg2 Nxe1+ 36. Rxe1 Bxb2 37. Qg5+ Bg7 38. Qe3 Bh6 39. Qe2 e5 40. a4 Kg7 41.
axb5 axb5 42. Rf1 b4 43. Qb5 Qf3+ 44. Kg1 Be3 45. Qxe5+ Rf6 46. Qe7+ Kh6 47.
Qxf6+ Qxf6 48. fxe3 Qe5 49. Bd3 Qxg3+ 50. Kh1 Qh3+ 51. Kg1 Qxe3+ 52. Kg2 Qxd3
53. e5 Qe4+ 54. Kg3 Qxe5+ 0-1

[Event "Titled Tue 27th May Early"]
[Site "chess.com INT"]
[Date "2025.05.27"]
[Round "1"]
[White "Hayrapetyan, Edgar"]
[Black "Mihajlovskij, Sergei"]
[Result "1-0"]
[WhiteTitle "FM"]
[WhiteElo "2161"]
[BlackElo "2292"]
[WhiteFideId "13313568"]
[BlackFideId "13500805"]
[EventDate "2025.05.27"]

1. e4 c5 2. Nc3 d6 3. d4 cxd4 4. Qxd4 a6 5. b3 Nc6 6. Qd2 Nf6 7. Bb2 b5 8. O-O-O
Bb7 9. f3 e6 10. Kb1 Be7 11. g4 Qc7 12. h4 O-O-O 13. Nge2 d5 14. exd5 Nxd5 15.
Qc1 Nxc3+ 16. Nxc3 Rxd1 17. Nxd1 Bf6 18. Bxf6 gxf6 19. Qe3 Nb4 20. Nc3 Rd8 21.
Be2 Kb8 22. a3 Nc6 23. Rd1 Rc8 24. Kb2 Qe5 25. Qxe5+ Nxe5 26. f4 Nf3 27. h5 Kc7
28. Rd3 Ne1 29. Rg3 Ng2 30. g5 Nxf4 31. gxf6 Kd6 32. Rg7 Nxe2 33. Nxe2 Ke5 34.
Rxf7 Be4 35. Nc3 Bf5 36. b4 Rc6 37. Kb3 h6 38. Kb2 Kd4 39. Ne2+ Ke5 40. c3 Bg4
41. Nd4 Rd6 42. Rf8 Bxh5 43. Kc2 Bg6+ 44. Kd2 Rd7 45. Ke3 Rf7 46. Ra8 Kxf6 47.
Rxa6 Bf5 48. Rb6 Ke5 49. Rxb5+ Kd6 50. a4 Rg7 51. Rb6+ Kd5 52. Rb5+ Kc4 53. Rc5# 1-0

[Event "Titled Tue 27th May Early"]
[Site "chess.com INT"]
[Date "2025.05.27"]
[Round "1"]
[White "Kravtsiv, Martyn"]
[Black "Demchenko, Yaroslav"]
[Result "1/2-1/2"]
[WhiteTitle "GM"]
[BlackTitle "CM"]
[WhiteElo "2598"]
[BlackElo "2286"]
[WhiteFideId "14113147"]
[BlackFideId "14186667"]
[EventDate "2025.05.27"]

1. e4 e6 2. d4 d5 3. exd5 exd5 4. Nf3 Nf6 5. Bd3 c5 6. c3 c4 7. Bc2 Be7 8. O-O
O-O 9. Ne5 Nc6 10. Nd2 Qc7 11. f4 b5 12. Qf3 b4 13. Re1 Bd6 14. Nf1 Bb7 15. Ng3
Ne7 16. Nh5 Ne4 17. Bxe4 dxe4 18. Qg4 Bxe5 19. dxe5 Qb6+ 20. Be3 Qg6 21. Qxg6
hxg6 22. Ng3 bxc3 23. bxc3 Nd5 24. Nxe4 Nxe3 25. Rxe3 Bxe4 26. Rxe4 Rfd8 27.
Rxc4 Rab8 28. Rd4 Rdc8 29. Rad1 Rxc3 30. Rd8+ Rxd8 31. Rxd8+ Kh7 32. Rd7 Rc1+
33. Kf2 Rc2+ 34. Kf3 Rxa2 35. Rxf7 Kg8 36. Rb7 a5 37. Ra7 a4 38. e6 Kf8 39. h4
a3 40. g3 Ra1 41. Kg4 a2 42. Rf7+ Ke8 43. Ra7 Kf8 44. Ra5 Ke7 45. Ra6 Kf6 46.
Ra3 Kxe6 47. Ra6+ Kf7 48. Ra7+ Kf6 49. Ra5 Kf7 50. Ra4 Kf6 51. Ra7 Ke6 52. Ra3
Kf6 53. Ra8 Kf7 54. Ra6 Ke7 55. Ra7+ Kf6 56. Ra5 Kf7 57. Ra4 Kf6 58. Ra3 Kf7 59.
Ra4 1/2-1/2

[Event "Titled Tue 27th May Early"]
[Site "chess.com INT"]
[Date "2025.05.27"]
[Round "1"]
[White "Kozlov, Oleg"]
[Black "Rubio, Lloyd"]
[Result "1-0"]
[WhiteTitle "IM"]
[WhiteElo "2253"]
[BlackElo "2167"]
[WhiteFideId "4104544"]
[BlackFideId "5210453"]
[EventDate "2025.05.27"]

1. d4 Nf6 2. Nf3 g6 3. g3 Bg7 4. Bg2 O-O 5. O-O d6 6. c4 c6 7. Nc3 Qa5 8. e4 Bg4
9. h3 Bxf3 10. Bxf3 e5 11. d5 cxd5 12. cxd5 Nbd7 13. Be3 a6 14. Rb1 Rfc8 15. b4
Qd8 16. Qd3 Nb6 17. a4 Nc4 18. Bc1 Qd7 19. Kh2 b5 20. Ra1 h5 21. Be2 Ne8 22.
axb5 axb5 23. Rxa8 Rxa8 24. Nxb5 Qxb5 25. Qxc4 Qxc4 26. Bxc4 Rb8 27. Bd2 Nc7 28.
b5 Na8 29. Ra1 Nb6 30. Bd3 f5 31. f3 Kh7 32. Ra6 fxe4 33. fxe4 Nd7 34. Rxd6 Nc5
35. Bc2 Rxb5 36. Bc3 Nb7 37. Rd7 Rc5 38. Bxe5 Rxc2+ 39. Kg1 Nc5 40. Rxg7+ Kh6
41. Rc7 Rc1+ 42. Kg2 Rc2+ 43. Kf3 Rc4 44. h4 g5 45. d6 g4+ 46. Kg2 Rc2+ 47. Kf1
Rc1+ 48. Ke2 Rc4 49. Rxc5 Rxc5 50. d7 Rc1 51. Bf4+ 1-0

[Event "Titled Tue 27th May Early"]
[Site "chess.com INT"]
[Date "2025.05.27"]
[Round "1"]
[White "Przybylski, Bartosz"]
[Black "Ugarte Soto, Cesar"]
[Result "1/2-1/2"]
[WhiteTitle "CM"]
[BlackTitle "CM"]
[WhiteElo "2107"]
[BlackElo "2088"]
[WhiteFideId "21878323"]
[BlackFideId "3601331"]
[EventDate "2025.05.27"]

1. e4 c5 2. Nf3 g6 3. Be2 Bg7 4. O-O Nc6 5. Re1 e6 6. d3 Nge7 7. c3 d5 8. Nbd2
b6 9. h3 Bb7 10. a4 O-O 11. Bf1 Qd7 12. Qc2 Rad8 13. b3 Rc8 14. Bb2 Rfd8 15.
Rad1 d4 16. c4 Nb4 17. Qb1 a6 18. g3 Bc6 19. Ba3 b5 20. Bxb4 cxb4 21. axb5 axb5
22. Bg2 bxc4 23. Nxc4 Bb5 24. Nfd2 Bh6 25. f4 Ra8 26. Nb6 Qa7 27. Nxa8 Rxa8 28.
Nc4 Bxc4 29. bxc4 Qc5 30. Qb2 Ra3 31. Re2 g5 32. Rf2 gxf4 33. gxf4 Ng6 34. f5
Ne5 35. fxe6 fxe6 36. Qe2 Be3 37. Kh1 Bxf2 38. Qxf2 Qf8 39. Qxd4 Qf4 40. Rf1 Qg3
41. Qd8+ Kg7 42. Qe7+ Kh6 43. Qxe6+ Ng6 44. Qg4 Rxd3 45. Qxg3 Rxg3 46. Rb1 b3
47. Kh2 Rc3 48. c5 Ne5 49. Kg1 Kg5 50. c6 Nxc6 51. Kf2 Kf4 52. Ke2 Nd4+ 53. Kd2
Rg3 54. Bf1 Kxe4 55. Re1+ Kd5 56. Re7 Kd6 57. Rb7 h5 58. Bd3 Rxh3 59. Kc3 Nc6
60. Rxb3 Ne5 61. Kd2 Rxd3+ 62. Rxd3+ Nxd3 63. Kxd3 Ke5 64. Ke3 Kf5 65. Kf2 Kg4
66. Kg1 Kh3 67. Kh1 h4 68. Kg1 Kg3 69. Kh1 h3 70. Kg1 h2+ 71. Kh1 Kh3 1/2-1/2

[Event "Titled Tue 27th May Early"]
[Site "chess.com INT"]
[Date "2025.05.27"]
[Round "1"]
[White "El Zein, Zayne-Eddine"]
[Black "Janukshan, B"]
[Result "1-0"]
[WhiteTitle "CM"]
[BlackTitle "CM"]
[WhiteElo "2146"]
[BlackElo "1967"]
[WhiteFideId "5313210"]
[BlackFideId "29945399"]
[EventDate "2025.05.27"]

1. e4 c5 2. Nf3 e6 3. d3 Nc6 4. g3 g6 5. Bg2 Bg7 6. O-O Nge7 7. c3 d5 8. Qe2 O-O
9. Rd1 Qc7 10. Na3 a6 11. Be3 d4 12. cxd4 cxd4 13. Bd2 b5 14. Rac1 Bb7 15. Nc2
Qd7 16. Nb4 Rac8 17. Nxc6 Nxc6 18. h4 h5 19. a3 Rfd8 20. Bg5 Re8 21. Qd2 Ne5 22.
Nxe5 Bxe5 23. Bf4 Bxf4 24. Qxf4 e5 25. Qg5 Qe6 26. Bf3 Kh7 27. Kg2 f6 28. Qd2
Rxc1 29. Rxc1 Rc8 30. Bd1 Kg7 31. b4 f5 32. f3 fxe4 33. fxe4 Kh7 34. Rc5 Rxc5
35. bxc5 Qc6 36. Qg5 Qxc5 37. Qf6 Bc8 38. Bb3 a5 39. Qf7+ Kh6 40. Qg8 Qc7 41.
Qh8+ Qh7 42. Qxc8 a4 43. Bd5 Qg7 44. Qc5 Qf6 45. Qxb5 Qd8 46. Qb2 Qc7 47. Qf2
Qc3 48. Bc4 Kg7 49. Qa2 Qc1 50. Bg8 Qc3 51. Qf7+ 1-0

[Event "Titled Tue 27th May Early"]
[Site "chess.com INT"]
[Date "2025.05.27"]
[Round "1"]
[White "Bakhmatsky, Vladislav"]
[Black "Nouali, Mohamed"]
[Result "1-0"]
[WhiteTitle "IM"]
[BlackTitle "FM"]
[WhiteElo "2433"]
[BlackElo "2157"]
[WhiteFideId "14124890"]
[BlackFideId "5502462"]
[EventDate "2025.05.27"]

1. b4 g6 2. Bb2 Nf6 3. e3 Bg7 4. Nf3 O-O 5. d4 d6 6. c4 e5 7. dxe5 Ng4 8. Nc3
Nxe5 9. Be2 Be6 10. Qb3 a5 11. a3 axb4 12. axb4 Rxa1+ 13. Bxa1 Nxf3+ 14. Bxf3 b5
15. Bd5 bxc4 16. Qxc4 Bxd5 17. Qxd5 Qh4 18. Qb3 Nc6 19. b5 Na5 20. Qc2 Qc4 21.
f3 Nb3 22. Bb2 Nc5 23. Kd2 Ra8 24. Rb1 d5 25. Ne2 Ra2 26. Nd4 Na4 27. Qxc4 dxc4
28. Kc1 c3 29. Ba1 Bxd4 30. exd4 Rxg2 31. Rb4 Rg1+ 32. Kc2 Rxa1 33. Rc4 Nb6 34.
Rxc7 Nd5 35. Rc5 Ra2+ 36. Kb3 Rb2+ 37. Ka3 Ne3 38. Rxc3 Re2 39. b6 Nd5 40. b7
Nxc3 41. b8=Q+ Kg7 42. Qg3 Nd5 43. Kb3 Re3+ 44. Kc4 Nf6 45. d5 Re2 46. d6 Rd2
47. Kc5 Rd5+ 48. Kc6 h5 49. Qf4 Rf5 50. Qd4 Rxf3 51. d7 1-0

[Event "Titled Tue 27th May Early"]
[Site "chess.com INT"]
[Date "2025.05.27"]
[Round "1"]
[White "Llorente Zaro, Alfonso"]
[Black "Mata Gonzalez, Jose Fernando"]
[Result "0-1"]
[WhiteTitle "IM"]
[BlackTitle "CM"]
[WhiteElo "2433"]
[BlackElo "2164"]
[WhiteFideId "2254131"]
[BlackFideId "5107423"]
[EventDate "2025.05.27"]

1. b4 e6 2. Bb2 Nf6 3. b5 d5 4. e3 Be7 5. Nf3 O-O 6. c4 c5 7. bxc6 Nxc6 8. cxd5
exd5 9. Be2 Bg4 10. O-O Rc8 11. d3 Qb6 12. Qb3 Qxb3 13. axb3 Nb4 14. Bxf6 Bxf6
15. Rxa7 Bxf3 16. gxf3 Rc2 17. Re1 Rb2 18. d4 Nc2 19. Rd1 Nxe3 20. fxe3 Rxe2 21.
Nc3 Rxe3 22. Nxd5 Rxb3 23. Nxf6+ gxf6 24. Kf2 Rc8 25. d5 Rc2+ 26. Kg3 Rcc3 27.
d6 Rxf3+ 28. Kg2 Rfd3 29. Ra8+ Kg7 30. Raa1 Rb2+ 31. Kg1 Rbd2 32. Rxd2 Rxd2 33.
Rb1 Rxd6 34. Rxb7 Rd2 35. Rb5 Kg6 36. Rc5 f5 37. Rc7 h5 38. Rc4 Kg5 39. Ra4 h4
40. Rb4 h3 41. Rc4 f4 42. Rc8 Kg4 43. Rb8 f5 44. Rb3 Rg2+ 45. Kh1 Re2 46. Kg1
Re3 47. Rb8 Kf3 48. Kf1 Ra3 49. Rb1 Ra2 50. Rb3+ Kg4 51. Kg1 Rg2+ 52. Kh1 f3 53.
Rb4+ Kg5 54. Rf4 Rxh2+ 0-1